| 000 | 00773nam a2200217 i 4500 | ||
|---|---|---|---|
| 001 | 160931 | ||
| 003 | ES-MaACL | ||
| 005 | 20230906212146.0 | ||
| 008 | 041006s1870 gw |||| | eng d | ||
| 040 |
_aCAM _bspa _cCAM |
||
| 100 | 1 |
_aOliphant, Margaret. _9130611 |
|
| 245 | 1 | 0 |
_aMiss Marjoribanks / _cby Mrs. Oliphant. |
| 260 |
_aLeipzig : _bBernhard Tauchnitz, _c1870. |
||
| 300 |
_a2 v. (352 ; 336 p.) ; _c16 cm. |
||
| 490 | 1 | _aChronicles of Carlingford | |
| 490 | 1 |
_aCollection of british authors ; _v1114 ; 1115 |
|
| 830 | 0 |
_aChronicles of Carlingford _9188317 |
|
| 830 | 0 |
_aCollection of british authors ; _v1114 ; 1115 _9180703 |
|
| 852 |
_aES-MaACL _jG-12668 _z-- Enc. hol., conservando las cubs. originales _z-- Enc. 2 t. en 1 v. |
||
| 999 |
_c160931 _d160931 |
||